[Event "Brno op 12th"]
[Site "Brno"]
[Date "2023.11.18"]
[Round "9"]
[White "Bergerhoff, Andreas"]
[Black "Pokorny, Petr"]
[Result "1/2-1/2"]
[WhiteElo "1992"]
[BlackElo "2131"]
[PlyCount "110"]
[EventDate "2023.11.11"]
[EventType "swiss"]
[EventRounds "9"]
[EventCountry "CZE"]
[SourceTitle "CB47_2023"]
[SourceDate "2023.11.22"]
[SourceVersion "1"]
[SourceVersionDate "2023.11.22"]
[SourceQuality "1"]

1. d4 g6 2. Nc3 Bg7 3. Bf4 c5 4. e3 cxd4 5. exd4 d6 6. Nf3 Bg4 7. h3 Bd7 8. Bc4 Nf6 9. Qe2 0-0 10. 0-0 Nc6 11. Rfe1 Rc8 12. a3 Qb6 13. Na4 Nxd4 14. Nxb6 Nxe2+ 15. Rxe2 axb6 16. Bb3 Be6 17. Rxe6 fxe6 18. Bxe6+ Kh8 19. Bxc8 Rxc8 20. c3 Nd5 21. Bg3 b5 22. Re1 Bf6 23. Bh4 Bxh4 24. Nxh4 Kg7 25. Nf3 Kf6 26. Nd4 Rc5 27. Re6+ Kf7 28. g3 Rc4 29. Re2 b4 30. axb4 Nxb4 31. Ne6 Nc6 32. Ng5+ Kg7 33. Re4 Ne5 34. f4 Rxe4 35. Nxe4 Nc4 36. b3 Na5 37. Nd2 Kf6 38. Kf2 d5 39. Ke3 Nc6 40. Nf3 e6 41. g4 h6 42. h4 h5 43. gxh5 gxh5 44. b4 Kf5 45. b5 Na7 46. Nd4+ Kg4 47. b6 Nc8 48. Nxe6 Nxb6 49. Kd4 Kxh4 50. f5 Nd7 51. Nf4 Kg5 52. Nxh5 Kxh5 53. Kxd5 Kg5 54. Kd6 Nf6 55. Kc7 Nd5+ 1/2-1/2

[Event "CZE-chT1W 2223"]
[Site "Czech Republic"]
[Date "2022.12.11"]
[Round "5.5"]
[White "Pokorny, Petr"]
[Black "Marikova, Jana"]
[Result "1-0"]
[WhiteElo "2113"]
[BlackElo "2153"]
[PlyCount "23"]
[EventDate "2022.10.09"]
[EventType "team-tourn"]
[EventRounds "11"]
[EventCountry "CZE"]
[SourceTitle "CBM 213 Extra"]
[Source "ChessBase"]
[SourceDate "2023.05.31"]
[SourceVersion "1"]
[SourceVersionDate "2023.05.31"]
[SourceQuality "1"]
[WhiteTeam "Unichess Sousek"]
[BlackTeam "Ricany Betsys"]
[WhiteTeamCountry "CZE"]
[BlackTeamCountry "CZE"]

1. d4 Nf6 2. c4 g6 3. Nc3 d6 4. e4 Bg7 5. f3 0-0 6. Nge2 e5 7. Be3 Nbd7 8. Qd2 exd4 9. Nxd4 a6 10. Be2 c5 11. Nb3 Ne5 12. 0-0 1-0

[Event "South Moravia Region-chT 2223"]
[Site "Czech Republic"]
[Date "2022.10.23"]
[Round "2.2"]
[White "Pokorny, Petr"]
[Black "Setina, Vaclav"]
[Result "1/2-1/2"]
[WhiteElo "2113"]
[BlackElo "1945"]
[PlyCount "52"]
[EventDate "2022.10.09"]
[EventType "team-tourn"]
[EventRounds "11"]
[EventCountry "CZE"]
[SourceTitle "EXT 2024"]
[Source "ChessBase"]
[SourceDate "2023.10.10"]
[SourceVersion "1"]
[SourceVersionDate "2023.10.10"]
[SourceQuality "1"]

1. d4 d5 2. Nf3 Nf6 3. c4 c6 4. Nc3 e6 5. cxd5 exd5 6. Qc2 g6 7. Bg5 Bf5 8. Qb3 Nbd7 9. Qxb7 Be7 10. Ne5 Rb8 11. Qxa7 Nxe5 12. dxe5 Nd7 13. Bxe7 Qxe7 14. e3 0-0 15. Be2 Rxb2 16. 0-0 Qb4 17. Rfc1 Nxe5 18. Qd4 Qxd4 19. exd4 Nd3 20. Bxd3 Bxd3 21. Na4 Rd2 22. Nc3 Bc4 23. Rd1 Rc2 24. Rdc1 Rd2 25. Rd1 Rc2 26. Rdc1 Rd2 1/2-1/2

[Event "Pardubice Czech op-E 33rd"]
[Site "Pardubice"]
[Date "2022.07.17"]
[Round "6.3"]
[White "Chytilek, Roman"]
[Black "Pokorny, Petr"]
[Result "1/2-1/2"]
[WhiteElo "2317"]
[BlackElo "2139"]
[PlyCount "35"]
[EventDate "2022.07.14"]
[EventType "team-swiss"]
[EventRounds "7"]
[EventCountry "CZE"]
[SourceTitle "CBM 209 Extra"]
[Source "ChessBase"]
[SourceDate "2022.09.30"]
[SourceVersion "1"]
[SourceVersionDate "2022.09.30"]
[SourceQuality "1"]
[WhiteTeam "Brno Duras"]
[BlackTeam "Tuhy Korinek"]
[WhiteTeamCountry "CZE"]
[BlackTeamCountry "CZE"]

1. Nf3 d5 2. e3 c6 3. c4 e6 4. b3 Nf6 5. Nc3 Bd6 6. d4 0-0 7. Be2 b6 8. 0-0 Nbd7 9. Bb2 Bb7 10. Bd3 Qe7 11. Qe2 Rac8 12. a4 a5 13. Rad1 Rfd8 14. h3 h6 15. Rc1 Ba3 16. cxd5 Nxd5 17. Nxd5 cxd5 18. Bb5 1/2-1/2

[Event "Pardubice Czech op-E 33rd"]
[Site "Pardubice"]
[Date "2022.07.16"]
[Round "4.3"]
[White "Garsky, Vladyslav"]
[Black "Pokorny, Petr"]
[Result "1/2-1/2"]
[WhiteElo "1884"]
[BlackElo "2139"]
[PlyCount "80"]
[EventDate "2022.07.14"]
[EventType "team-swiss"]
[EventRounds "7"]
[EventCountry "CZE"]
[SourceTitle "CBM 209 Extra"]
[Source "ChessBase"]
[SourceDate "2022.09.30"]
[SourceVersion "1"]
[SourceVersionDate "2022.09.30"]
[SourceQuality "1"]
[WhiteTeam "Katran"]
[BlackTeam "Tuhy Korinek"]
[WhiteTeamCountry "UKR"]
[BlackTeamCountry "CZE"]

1. Nf3 d5 2. g3 c6 3. Bg2 Bg4 4. 0-0 Nd7 5. h3 Bh5 6. d3 Ngf6 7. Nbd2 e5 8. e4 dxe4 9. dxe4 Bc5 10. Qe1 0-0 11. Nh4 Re8 12. Nc4 Qc7 13. Ne3 Nf8 14. b4 Bb6 15. Nc4 Ne6 16. Nf5 Rad8 17. Bd2 Bg6 18. c3 Qb8 19. a4 Bc7 20. a5 Rd7 21. Qe2 Red8 22. h4 Bh5 23. f3 Bg6 24. Be3 Ne8 25. g4 f6 26. Rfd1 Nd6 27. Ncxd6 Bxd6 28. Rd2 Bf8 29. Rad1 Rxd2 30. Rxd2 Rxd2 31. Qxd2 Bf7 32. Qd7 Qc7 33. Qd2 c5 34. Bf1 cxb4 35. cxb4 a6 36. Bb6 Qc6 37. Qd5 Nd4 38. Nxd4 Bxd5 39. Nxc6 Bxc6 40. Bc4+ Kh8 1/2-1/2

[Event "Pardubice Czech op-E 33rd"]
[Site "Pardubice"]
[Date "2022.07.16"]
[Round "5.3"]
[White "Pokorny, Petr"]
[Black "Oresky, Jan"]
[Result "1-0"]
[WhiteElo "2139"]
[BlackElo "2274"]
[PlyCount "123"]
[EventDate "2022.07.14"]
[EventType "team-swiss"]
[EventRounds "7"]
[EventCountry "CZE"]
[SourceTitle "CBM 209 Extra"]
[Source "ChessBase"]
[SourceDate "2022.09.30"]
[SourceVersion "1"]
[SourceVersionDate "2022.09.30"]
[SourceQuality "1"]
[WhiteTeam "Tuhy Korinek"]
[BlackTeam "Praha Oaza"]
[WhiteTeamCountry "CZE"]
[BlackTeamCountry "CZE"]

1. d4 Nf6 2. Nf3 e6 3. Bf4 b6 4. Nbd2 Bb7 5. e3 c5 6. c3 Be7 7. h3 0-0 8. Bd3 cxd4 9. cxd4 d6 10. 0-0 Re8 11. Qe2 Nbd7 12. e4 a6 13. a4 Nf8 14. Bh2 Ng6 15. Rac1 Bf8 16. Rfd1 Nh5 17. Qe3 f5 18. exf5 exf5 19. Qg5 Qxg5 20. Nxg5 Nhf4 21. Bc4+ d5 22. Bf1 Bd6 23. Re1 Rxe1 24. Rxe1 Bb4 25. Ngf3 Rc8 26. Bxf4 Nxf4 27. g3 Nh5 28. Re6 Rc6 29. Rxc6 Bxc6 30. Bxa6 Bxa4 31. Bc8 g6 32. Be6+ Kf8 33. Bxd5 Nf6 34. Bc4 Bc6 35. Kf1 Ke7 36. Ke2 Kd6 37. Ne5 Bg2 38. h4 Bb7 39. Nd3 Bxd2 40. Kxd2 Bd5 41. Ne5 Ne4+ 42. Ke3 Nf6 43. f3 Nh5 44. g4 fxg4 45. fxg4 Nf6 46. Kf4 Bxc4 47. Nxc4+ Kd5 48. Nxb6+ Kxd4 49. Kg5 Ng8 50. Nd7 h5 51. gxh5 gxh5 52. Nb6 Ne7 53. Kxh5 Kc5 54. Na4+ Kc4 55. Nc3 Kb3 56. Nd1 Kc2 57. Kg5 Kxd1 58. h5 Kc2 59. h6 Nc6 60. h7 Ne5 61. b4 Kd3 62. b5 1-0

[Event "Brno Trade op"]
[Site "Brno"]
[Date "2021.09.05"]
[Round "9"]
[White "Zuziak, Petr"]
[Black "Pokorny, Petr"]
[Result "0-1"]
[WhiteElo "1797"]
[BlackElo "2162"]
[PlyCount "90"]
[EventDate "2021.08.29"]
[EventType "swiss"]
[EventRounds "9"]
[EventCountry "CZE"]
[SourceTitle "CBM 204 Extra"]
[Source "ChessBase"]
[SourceDate "2021.11.30"]
[SourceVersion "1"]
[SourceVersionDate "2021.11.30"]
[SourceQuality "1"]

1. d4 g6 2. Nf3 Bg7 3. c4 d6 4. Nc3 Nf6 5. Bg5 0-0 6. e3 c6 7. Be2 Qc7 8. 0-0 e5 9. dxe5 dxe5 10. Nd2 Bf5 11. e4 Be6 12. b4 a5 13. a3 axb4 14. axb4 Rxa1 15. Qxa1 h6 16. Be3 Rd8 17. h3 Nbd7 18. Nd1 Nf8 19. Qc3 Bc8 20. c5 Ne6 21. Nb2 Nd4 22. Bd3 Be6 23. Ndc4 Nxe4 24. Qc1 Kh7 25. Re1 Nf6 26. Nd6 Nd5 27. Bxd4 exd4 28. Qb1 Nf4 29. Nbc4 Bd5 30. f3 Rd7 31. Re8 Re7 32. Rc8 Qd7 33. Qf1 Nxd3 34. Qxd3 Bxc4 35. Qxc4 Be5 36. Qa2 Bg3 37. Ne4 Qxc8 38. Nxg3 Qe6 39. Qb2 Qe1+ 40. Nf1 Qc3 41. Qf2 Qxb4 42. Nd2 Qxc5 43. Ne4 Qc1+ 44. Kh2 Qf4+ 45. g3 Qe3 0-1

[Event "Brno Trade op"]
[Site "Brno"]
[Date "2021.09.03"]
[Round "7"]
[White "Ivan, Laszlo"]
[Black "Pokorny, Petr"]
[Result "0-1"]
[WhiteElo "1533"]
[BlackElo "2162"]
[PlyCount "60"]
[EventDate "2021.08.29"]
[EventType "swiss"]
[EventRounds "9"]
[EventCountry "CZE"]
[SourceTitle "CBM 204 Extra"]
[Source "ChessBase"]
[SourceDate "2021.11.30"]
[SourceVersion "1"]
[SourceVersionDate "2021.11.30"]
[SourceQuality "1"]

1. e4 g6 2. d4 Bg7 3. Nc3 d6 4. f4 a6 5. Nf3 b5 6. a3 Nd7 7. e5 e6 8. Be3 Bb7 9. Bd3 Nh6 10. 0-0 0-0 11. Qe2 Nf5 12. Nd1 c5 13. c3 cxd4 14. cxd4 Nb6 15. Nc3 Qd7 16. b3 Rac8 17. Rac1 Nxe3 18. Qxe3 Rxc3 19. Rxc3 Nd5 20. Qd2 Nxc3 21. Qxc3 Rc8 22. Qd2 dxe5 23. fxe5 Bxf3 24. Rxf3 Qxd4+ 25. Qf2 Bxe5 26. Rxf7 Rc1+ 27. Bf1 Rxf1+ 28. Kxf1 Qd1+ 29. Qe1 Qxe1+ 30. Kxe1 Kxf7 0-1

[Event "Brno Trade op"]
[Site "Brno"]
[Date "2021.08.30"]
[Round "3"]
[White "Neduchal, Jiri"]
[Black "Pokorny, Petr"]
[Result "0-1"]
[WhiteElo "1734"]
[BlackElo "2162"]
[PlyCount "42"]
[EventDate "2021.08.29"]
[EventType "swiss"]
[EventRounds "9"]
[EventCountry "CZE"]
[SourceTitle "CBM 204 Extra"]
[Source "ChessBase"]
[SourceDate "2021.11.30"]
[SourceVersion "1"]
[SourceVersionDate "2021.11.30"]
[SourceQuality "1"]

1. d4 d5 2. Nf3 e6 3. e3 f5 4. Bd3 Nf6 5. Nbd2 Bd6 6. 0-0 0-0 7. c4 c6 8. a3 a5 9. Rb1 Nbd7 10. c5 Bb8 11. b4 axb4 12. axb4 Ne4 13. Qb3 g5 14. Bb2 g4 15. Bxe4 fxe4 16. Ne5 Qh4 17. g3 Qh5 18. Nxd7 Bxd7 19. Ra1 Rxa1 20. Bxa1 Rf6 21. Re1 Rxf2 0-1

[Event "CZE-chT1W 1920"]
[Site "Czech Republic"]
[Date "2020.01.19"]
[Round "6.4"]
[White "Pokorny, Petr"]
[Black "Turner, Radek"]
[Result "1-0"]
[WhiteElo "2219"]
[BlackElo "2005"]
[PlyCount "81"]
[EventDate "2019.10.20"]
[EventType "team-tourn"]
[EventRounds "11"]
[EventCountry "CZE"]
[SourceTitle "CBM 194 Extra"]
[Source "ChessBase"]
[SourceDate "2020.03.31"]
[SourceVersion "1"]
[SourceVersionDate "2020.03.31"]
[SourceQuality "1"]
[WhiteTeam "Unichess"]
[BlackTeam "Line"]
[WhiteTeamCountry "CZE"]
[BlackTeamCountry "CZE"]

1. d4 Nf6 2. c4 c5 3. d5 b5 4. cxb5 a6 5. e3 axb5 6. Bxb5 Bb7 7. Nc3 Qb6 8. Bc4 Na6 9. Nf3 e6 10. 0-0 Be7 11. e4 exd5 12. Nxd5 Nxd5 13. Bxd5 Bxd5 14. Qxd5 Nc7 15. Qd3 Qe6 16. b3 Bf6 17. e5 Bxe5 18. Bb2 Bxb2 19. Rae1 Rxa2 20. Rxe6+ Nxe6 21. Qb1 Ra7 22. Qxb2 0-0 23. Ra1 Rb7 24. Qc2 Rfb8 25. Ra3 h6 26. g3 d5 27. Kg2 Rc7 28. Qf5 Rd8 29. Ne5 Nd4 30. Qd3 Ne6 31. Qc3 Rb8 32. Nd3 Rb5 33. Ra8+ Kh7 34. Nf4 Nxf4+ 35. gxf4 Rb6 36. Qe5 Rg6+ 37. Kf1 Rb7 38. Qxd5 Rgb6 39. f5 h5 40. Qd8 Kh6 41. h4 1-0

[Event "CZE-chT2A 1920"]
[Site "Czech Republic"]
[Date "2019.12.15"]
[Round "5.1"]
[White "Sokolov, Alexander"]
[Black "Pokorny, Petr"]
[Result "1-0"]
[WhiteElo "2363"]
[BlackElo "2233"]
[PlyCount "75"]
[EventDate "2019.10.13"]
[EventType "team-tourn"]
[EventRounds "11"]
[EventCountry "CZE"]
[SourceTitle "EXT 2024"]
[Source "ChessBase"]
[SourceDate "2023.10.10"]
[SourceVersion "1"]
[SourceVersionDate "2023.10.10"]
[SourceQuality "1"]
[WhiteTeam "Pankrac II"]
[BlackTeam "Unichess Reserve"]
[WhiteTeamCountry "CZE"]
[BlackTeamCountry "CZE"]

1. e4 e5 2. f4 d5 3. exd5 exf4 4. Nf3 Nf6 5. Bc4 Nxd5 6. Qe2+ Be6 7. Nc3 Nxc3 8. bxc3 Bd6 9. Bxe6 fxe6 10. 0-0 0-0 11. Qxe6+ Kh8 12. d4 Nd7 13. Rb1 b6 14. Rb5 Qe8 15. Qh3 Nf6 16. Rf5 g6 17. Rxf4 Bxf4 18. Bxf4 Qd7 19. Qh4 Qg4 20. Be5 Qxh4 21. Nxh4 Kg7 22. g4 h6 23. Ng2 Rae8 24. Ne3 c6 25. g5 hxg5 26. Ng4 Rxe5 27. Nxe5 Rc8 28. c4 Rc7 29. Kg2 Nh5 30. Kf3 Nf4 31. Ke4 Ne2 32. Rf3 b5 33. c5 b4 34. a3 Nc3+ 35. Kd3 a5 36. axb4 axb4 37. Kc4 Nd5 38. Nxc6 1-0

[Event "CZE-chT1W 1920"]
[Site "Czech Republic"]
[Date "2019.11.24"]
[Round "3.5"]
[White "Schula, Michal"]
[Black "Pokorny, Petr"]
[Result "0-1"]
[WhiteElo "2273"]
[BlackElo "2219"]
[PlyCount "98"]
[EventDate "2019.10.20"]
[EventType "team-tourn"]
[EventRounds "11"]
[EventCountry "CZE"]
[SourceTitle "CBM 193 Extra"]
[Source "ChessBase"]
[SourceDate "2020.01.31"]
[SourceVersion "1"]
[SourceVersionDate "2020.01.31"]
[SourceQuality "1"]
[WhiteTeam "Neratovice"]
[BlackTeam "Unichess"]
[WhiteTeamCountry "CZE"]
[BlackTeamCountry "CZE"]

1. f4 e5 2. fxe5 d6 3. e4 Qh4+ 4. g3 Qxe4+ 5. Kf2 dxe5 6. Nf3 Bg4 7. Bd3 Bc5+ 8. Kg2 Bxf3+ 9. Qxf3 Qxf3+ 10. Kxf3 Nc6 11. c3 Nge7 12. b4 Bd6 13. Bc4 f5 14. Kg2 e4 15. d4 exd3 16. Bxd3 Ne5 17. Be2 a5 18. b5 Nd5 19. c4 Nb4 20. Bb2 b6 21. Na3 0-0 22. Rad1 Rae8 23. Rd2 Ned3 24. Bd4 Nc5 25. Nb1 Ne4 26. Rb2 Bc5 27. Bxc5 Nxc5 28. Rd1 Re3 29. a3 Nbd3 30. Rbd2 Ne5 31. Bf1 f4 32. gxf4 Rxf4 33. Rf2 Rxf2+ 34. Kxf2 Rb3 35. Bg2 Ng4+ 36. Kg1 Ne3 37. Rd8+ Kf7 38. Nd2 Rxa3 39. Bc6 Rd3 40. Re8 Rxd2 41. Rxe3 a4 42. Bd5+ Kf6 43. h4 Nb3 44. Bf3 Rb2 45. Bd1 Rb1 46. Re1 a3 47. Rf1+ Ke5 48. Bxb3 Rxb3 49. Ra1 Kd4 0-1

[Event "CZE-chT2A 1819"]
[Site "Czech Republic"]
[Date "2018.10.14"]
[Round "1.4"]
[White "Kolasin, Jan"]
[Black "Pokorny, Petr"]
[Result "1/2-1/2"]
[WhiteElo "2014"]
[BlackElo "2235"]
[PlyCount "112"]
[EventDate "2018.10.14"]
[EventType "team-tourn"]
[EventRounds "11"]
[EventCountry "CZE"]
[SourceTitle "EXT 2022"]
[Source "ChessBase"]
[SourceDate "2021.10.06"]
[SourceVersion "1"]
[SourceVersionDate "2021.10.06"]
[SourceQuality "1"]
[WhiteTeam "Ricany II"]
[BlackTeam "Unichess Underground"]
[WhiteTeamCountry "CZE"]
[BlackTeamCountry "CZE"]

1. e4 e5 2. Nf3 Nc6 3. Bb5 a6 4. Ba4 Nf6 5. 0-0 Nxe4 6. Re1 Nc5 7. Bxc6 dxc6 8. Nxe5 Be7 9. d4 Ne6 10. c3 0-0 11. b3 Qd5 12. Bb2 Nf4 13. Qf3 Qxf3 14. Nxf3 Bd6 15. Ba3 Bf5 16. Bxd6 cxd6 17. Nbd2 Bd3 18. Re3 Rfe8 19. Ne1 Be2 20. Ne4 Re6 21. Ng3 Rae8 22. Nc2 Bd3 23. Rxe6 Rxe6 24. Ne3 h5 25. h4 f6 26. Rd1 g6 27. d5 Re5 28. c4 c5 29. Ngf1 Be2 30. Rd2 Bg4 31. Nxg4 hxg4 32. Ne3 f5 33. g3 Nh5 34. Rb2 Nf6 35. b4 Ne4 36. bxc5 Nxc5 37. Rb6 Ne4 38. Kg2 Re7 39. Kf1 Nxg3+ 40. fxg3 Rxe3 41. Kf2 Rf3+ 42. Kg2 Ra3 43. Rxd6 Rxa2+ 44. Kf1 Kf7 45. Rb6 Rc2 46. Rxb7+ Kf6 47. Rb6+ Ke5 48. Rxg6 Rxc4 49. Rxa6 Kxd5 50. Kf2 Ke5 51. Ra5+ Ke4 52. Ra8 Rc2+ 53. Kf1 f4 54. Ra4+ Kf3 55. Ra3+ Ke4 56. Ra4+ Kf3 1/2-1/2

[Event "CZE-chT2C 1718"]
[Site "Czech Republic"]
[Date "2018.02.25"]
[Round "9.4"]
[White "Pokorny, Petr"]
[Black "Vala, Filip"]
[Result "1-0"]
[WhiteElo "2138"]
[BlackElo "2224"]
[PlyCount "127"]
[EventDate "2017.10.15"]
[EventType "team-tourn"]
[EventRounds "11"]
[EventCountry "CZE"]
[SourceTitle "EXT 2022"]
[Source "ChessBase"]
[SourceDate "2021.10.06"]
[SourceVersion "1"]
[SourceVersionDate "2021.10.06"]
[SourceQuality "1"]
[WhiteTeam "Unichess Vyletna"]
[BlackTeam "Kutna Hora"]
[WhiteTeamCountry "CZE"]
[BlackTeamCountry "CZE"]

1. d4 d6 2. Nf3 g6 3. e4 Bg7 4. Bc4 Nf6 5. Qe2 0-0 6. 0-0 c6 7. Re1 d5 8. exd5 cxd5 9. Bd3 Nc6 10. c3 Qc7 11. Nbd2 Nh5 12. Nf1 Nf4 13. Bxf4 Qxf4 14. Qe3 Qd6 15. Ne5 Re8 16. f4 Nxe5 17. dxe5 Qc6 18. Ng3 e6 19. Ne2 Bf8 20. Nd4 Bc5 21. a4 Qb6 22. b4 Bxd4 23. Qxd4 Bd7 24. a5 Qc7 25. Rec1 Rec8 26. Rc2 a6 27. c4 dxc4 28. Rxc4 Qd8 29. Rxc8 Rxc8 30. Be4 Qc7 31. Rd1 Ba4 32. Rd2 Qe7 33. h3 Qh4 34. Bxb7 Rc1+ 35. Kh2 Kg7 36. g3 Qh5 37. Be4 Bc6 38. Bxc6 Rxc6 39. Qd8 Qf5 40. Qd3 Qxd3 41. Rxd3 Rc2+ 42. Kg1 Rb2 43. Rd6 Rxb4 44. Rxa6 Rb2 45. Ra8 Ra2 46. a6 h5 47. g4 hxg4 48. hxg4 Ra4 49. a7 g5 50. f5 Rxg4+ 51. Kf2 Ra4 52. f6+ Kh7 53. Kg3 Ra3+ 54. Kg4 Ra5 55. Kh5 Ra6 56. Kxg5 Ra4 57. Kh5 Ra5 58. Kg4 Ra4+ 59. Kf3 Ra3+ 60. Ke4 Ra1 61. Kd4 Rd1+ 62. Kc5 Ra1 63. Kd6 Ra2 64. Ke7 1-0

[Event "CZE-chT2C 1718"]
[Site "Czech Republic"]
[Date "2018.01.28"]
[Round "7.4"]
[White "Pokorny, Petr"]
[Black "Hejda, Antonin"]
[Result "1-0"]
[WhiteElo "2138"]
[BlackElo "2104"]
[PlyCount "55"]
[EventDate "2017.10.15"]
[EventType "team-tourn"]
[EventRounds "11"]
[EventCountry "CZE"]
[SourceTitle "EXT 2022"]
[Source "ChessBase"]
[SourceDate "2021.10.06"]
[SourceVersion "1"]
[SourceVersionDate "2021.10.06"]
[SourceQuality "1"]
[WhiteTeam "Unichess Vyletna"]
[BlackTeam "Praha Eurovia"]
[WhiteTeamCountry "CZE"]
[BlackTeamCountry "CZE"]

1. d4 d5 2. c4 Nf6 3. cxd5 Qxd5 4. Nc3 Qa5 5. Nf3 c6 6. Bd2 e6 7. e4 Qb6 8. Qc2 Be7 9. Bd3 h6 10. 0-0 Nbd7 11. Be3 Qd8 12. e5 Nd5 13. Nxd5 exd5 14. e6 fxe6 15. Bg6+ Kf8 16. Bf4 Bg5 17. Bd6+ Be7 18. Bf4 Bg5 19. Bd6+ Be7 20. Bg3 Bf6 21. Rae1 Qe7 22. Re3 Kg8 23. Bh5 Nf8 24. Ne5 Bxe5 25. Bxe5 Bd7 26. Bxg7 Nh7 27. Bxh6 Ng5 28. Qg6+ 1-0

[Event "CZE-chT1W 1718"]
[Site "Czech Republic"]
[Date "2018.01.21"]
[Round "6.6"]
[White "Pokorny, Petr"]
[Black "Ludvik, Tomas"]
[Result "1/2-1/2"]
[WhiteElo "2138"]
[BlackElo "2037"]
[PlyCount "122"]
[EventDate "2017.10.29"]
[EventType "team-tourn"]
[EventRounds "11"]
[EventCountry "CZE"]
[SourceTitle "EXT 2019"]
[Source "ChessBase"]
[SourceDate "2018.10.10"]
[SourceVersion "1"]
[SourceVersionDate "2018.10.10"]
[SourceQuality "1"]
[WhiteTeam "Unichess"]
[BlackTeam "Polabiny II"]
[WhiteTeamCountry "CZE"]
[BlackTeamCountry "CZE"]

1. d4 Nf6 2. Nf3 g6 3. Bf4 Bg7 4. e3 0-0 5. Nbd2 d6 6. Bc4 Nbd7 7. c3 c6 8. 0-0 Nh5 9. Bg5 h6 10. Bh4 g5 11. Ne1 Nhf6 12. Bg3 b5 13. Bd3 Bb7 14. f4 gxf4 15. exf4 Qb6 16. Bf2 c5 17. Nef3 Ng4 18. Qe2 Nxf2 19. Qxf2 cxd4 20. Nxd4 Nc5 21. Bc2 e6 22. f5 Nd7 23. Ne4 Bxe4 24. Bxe4 d5 25. Bd3 b4 26. Qg3 e5 27. f6 Nxf6 28. Qxe5 bxc3 29. bxc3 Ne4 30. Qxd5 Nxc3 31. Qf5 Bxd4+ 32. Kh1 Qg6 33. Qh3 Qg7 34. Rf4 Nd5 35. Rg4 Bxa1 36. Qxh6 Rfe8 37. h4 Re1+ 38. Kh2 Be5+ 39. g3 Re3 40. Rxg7+ Bxg7 41. Qh7+ Kf8 42. Bc4 Nb6 43. Bb3 Rae8 44. Qh5 R8e7 45. Qg5 R3e5 46. Qf4 Nd7 47. Qd4 Nc5 48. Bc2 Bh6 49. Bd1 a5 50. Bf3 Rd7 51. Qc3 Rd2+ 52. Kh3 Nd3 53. Qc8+ Re8 54. Qc6 Re6 55. Qa8+ Kg7 56. Qxa5 Rf6 57. Qh5 Nf2+ 58. Kg2 Rxa2 59. Be2 Re6 60. Bc4 Rd2 61. Bxe6 fxe6 1/2-1/2

[Event "CZE-chT2C 1718"]
[Site "Czech Republic"]
[Date "2018.01.14"]
[Round "6.3"]
[White "Pokorny, Petr"]
[Black "Hora, Milan"]
[Result "1/2-1/2"]
[WhiteElo "2138"]
[BlackElo "2156"]
[PlyCount "43"]
[EventDate "2017.10.15"]
[EventType "team-tourn"]
[EventRounds "11"]
[EventCountry "CZE"]
[SourceTitle "EXT 2022"]
[Source "ChessBase"]
[SourceDate "2021.10.06"]
[SourceVersion "1"]
[SourceVersionDate "2021.10.06"]
[SourceQuality "1"]
[WhiteTeam "Unichess Vyletna"]
[BlackTeam "Kolin"]
[WhiteTeamCountry "CZE"]
[BlackTeamCountry "CZE"]

1. d4 Nf6 2. c4 e6 3. Nc3 Bb4 4. Qc2 0-0 5. a3 Bxc3+ 6. Qxc3 b5 7. cxb5 c6 8. Bg5 h6 9. Bxf6 Qxf6 10. e4 Bb7 11. e5 Qg6 12. Qd3 cxb5 13. Qxg6 fxg6 14. h4 Nc6 15. Rd1 a6 16. Rh3 Ne7 17. Rc3 Rac8 18. Rxc8 Rxc8 19. Ne2 Nf5 20. g3 Rc4 21. Bh3 Bf3 22. Bxf5 1/2-1/2

[Event "CZE-chT2C 1718"]
[Site "Czech Republic"]
[Date "2017.12.17"]
[Round "5.5"]
[White "Pokorny, Petr"]
[Black "Stinka, Jakub"]
[Result "1-0"]
[WhiteElo "2138"]
[BlackElo "2106"]
[PlyCount "51"]
[EventDate "2017.10.15"]
[EventType "team-tourn"]
[EventRounds "11"]
[EventCountry "CZE"]
[SourceTitle "EXT 2022"]
[Source "ChessBase"]
[SourceDate "2021.10.06"]
[SourceVersion "1"]
[SourceVersionDate "2021.10.06"]
[SourceQuality "1"]
[WhiteTeam "Unichess Vyletna"]
[BlackTeam "Pisek"]
[WhiteTeamCountry "CZE"]
[BlackTeamCountry "CZE"]

1. d4 Nf6 2. c4 g6 3. Nc3 Bg7 4. e4 d6 5. f3 0-0 6. Be3 e5 7. Nge2 Nbd7 8. Qd2 c6 9. d5 c5 10. g4 Ne8 11. Ng3 a6 12. h4 Nc7 13. h5 Qe7 14. Bd3 b5 15. b3 b4 16. Na4 f5 17. Bg5 Qe8 18. hxg6 hxg6 19. gxf5 gxf5 20. Nh5 Bh8 21. Bh6 f4 22. 0-0-0 Kf7 23. Bxf8 Qxf8 24. Rdg1 Bb7 25. Qg2 Qg8 26. Qh3 1-0

[Event "Brno op 7th"]
[Site "Brno"]
[Date "2017.11.15"]
[Round "6"]
[White "Chudinovskikh, Alexander M"]
[Black "Pokorny, Petr"]
[Result "1-0"]
[WhiteElo "2219"]
[BlackElo "2138"]
[PlyCount "55"]
[EventDate "2017.11.11"]
[EventType "swiss"]
[EventRounds "9"]
[EventCountry "CZE"]
[SourceTitle "CBM 181 Extra"]
[Source "ChessBase"]
[SourceDate "2017.12.12"]
[SourceVersion "1"]
[SourceVersionDate "2017.12.12"]
[SourceQuality "1"]

1. e4 e5 2. Bc4 Nf6 3. d3 c6 4. Nf3 Be7 5. 0-0 Qc7 6. Re1 0-0 7. Nbd2 d5 8. Bb3 dxe4 9. Nxe4 Nxe4 10. Rxe4 Bf6 11. Bg5 Bxg5 12. Nxg5 Bf5 13. Re3 Nd7 14. Qf3 Bg6 15. Rae1 h6 16. Nh3 Kh7 17. Qg3 Bf5 18. Ng5+ hxg5 19. Qxg5 g6 20. g4 Bxg4 21. Qxg4 Kg7 22. d4 Rae8 23. Qg3 f5 24. Qg5 e4 25. Rh3 Rh8 26. Rxh8 Rxh8 27. Qe7+ Kh6 28. Re3 1-0

[Event "Brno op 7th"]
[Site "Brno"]
[Date "2017.11.13"]
[Round "3"]
[White "Pokorny, Petr"]
[Black "Belus, Benjamin"]
[Result "1-0"]
[WhiteElo "2138"]
[BlackElo "1953"]
[PlyCount "101"]
[EventDate "2017.11.11"]
[EventType "swiss"]
[EventRounds "9"]
[EventCountry "CZE"]
[SourceTitle "CBM 181 Extra"]
[Source "ChessBase"]
[SourceDate "2017.12.12"]
[SourceVersion "1"]
[SourceVersionDate "2017.12.12"]
[SourceQuality "1"]

1. d4 d5 2. c4 e6 3. Nf3 Nf6 4. g3 g6 5. Bg2 Bg7 6. 0-0 0-0 7. Qc2 Ne4 8. Bf4 c6 9. Nc3 f5 10. Rad1 Nd7 11. Ne5 Qa5 12. Nxd7 Bxd7 13. c5 Qb4 14. e3 b6 15. Nxe4 fxe4 16. a3 Qa5 17. Bd6 Rf7 18. f3 exf3 19. Rxf3 Rxf3 20. Bxf3 Bf8 21. Bxf8 Kxf8 22. Bg2 bxc5 23. Qxc5+ Qxc5 24. dxc5 e5 25. b4 Rb8 26. Rb1 a6 27. Rb2 e4 28. Kf1 Kf7 29. Ke1 Ke6 30. Rf2 Be8 31. Kd2 a5 32. Kc3 axb4+ 33. axb4 Bf7 34. Bh3+ Ke7 35. Rb2 Be6 36. Bxe6 Kxe6 37. Ra2 Rb7 38. Ra6 Rc7 39. b5 Kf5 40. Rxc6 Ra7 41. Ra6 Rc7 42. Kd4 Kg4 43. b6 Rc8 44. b7 Rb8 45. c6 Kh3 46. Ra8 Rxa8 47. bxa8Q h5 48. c7 Kxh2 49. c8Q Kxg3 50. Qxd5 h4 51. Qg5+ 1-0